000 00796nam a2200193Ia 4500
001 11738
003 GE_BSU
008 181216s||||||||xx |||||||||||||| ||und||
040 _cGE_BSU
245 _aბუღალტრული აღრიცხვა, №8.2014. აგვისტო
245 _bყოველთვიური სამეცნიერო-პრაქტიკული ჟურნალი.
245 _cმთ.რედ.ლავრენტი ჭუმბურიძე, გამ.რედ.მანანა გველესიანი.
260 _aთბილისი
260 _c2014
300 _a68გვ.29სმ.
653 _aბუღალტრული აღრიცხვა
653 _aპერიოდიკა
942 _cCR
999 _c44918
_d44918